Statistics for Farmer Boy

Click here to take the quiz!

General Stats

  • This quiz has been taken 14 times
  • The average score is 9 of 15

Answer Stats

QuestionAnswer% Correct
What did Almanzo want to be?A farmer
85%
What is the name of Almanzo's calfs?Star and Bright
85%
What presents did Almanzo get for his birthday?A yoke and a sled
69%
Where does Almanzo live?New York State
69%
Who are the French men that helped Father cut the ice?French Joe and Lazy John
62%
How did Mother make clothing?On a loom
62%
What is Almanzo's brother's name?Royal
62%
What did the tin peddler give Almanzo?A horn
54%
What happened on Independence day?Almanzo got a half dollar
54%
What did the cannon fire on Independence day?Grass and weeds
54%
Who is the school teacher?Mr Corse
54%
What is the name of the colt that Father gave Almanzo?Starlight
54%
How much money did Mr Paddock make Mr Thompson give Almanzo?Two hundred dollars
54%
Which cousin frightened Starlight?Cousin Frank
46%
Who was the tin peddler?Nick Brown
38%

Score Distribution

Percentile by Number Answered

Percent of People with Each Score

Your Score History

You have not taken this quiz